Slovenská Grafia, a. s. výročná správa 2001

Salvato in:
Dettagli Bibliografici
Natura: Libro
Lingua:slovacco
inglese
Pubblicazione: Bratislava Slovenská Grafia, a. s. 2002
Soggetti:
Tags: Aggiungi Tag
Nessun Tag, puoi essere il primo ad aggiungerne!!

MARC

LEADER 00000nam$a2200000$$$4500
001 0004284
005 20240108123802.6
041 0 |a slo 
041 0 |a eng 
044 |a SK 
245 1 0 |a Slovenská Grafia, a. s.  |b výročná správa 2001 
264 1 |a Bratislava  |b Slovenská Grafia, a. s.  |c 2002 
300 |a 31 s. 
610 2 0 |a tlačiarne 
610 2 0 |a technológia výroby 
610 2 0 |a trh 
610 2 0 |a priemysel polygrafický 
610 2 0 |a kvalita 
610 2 0 |a financovanie 
610 2 0 |a výsledok hospodársky 
610 2 0 |a výkazy finančné 
610 2 0 |a výkazy účtovné 
610 2 0 |a štruktúra organizačná 
610 2 0 |a prognózy 
610 2 0 |a audit 
610 2 0 |a rady dozorné